00759cam a2200241 a 4500001001000000003000900010005001700019007000300036008004100039040003700080041000800117082001900125100002600144245007900170264003700249300004500286336002700331337003300358338002800391490001100419504003900430651004800469000006959DO-SdBNP20250618090346.0ta780117t1974 ve a b 001 0 spa  aDO-SdBNPbspacLCdDO-SdBNPerda hspa 4a923.287bB641R1 aRojas, Armando,d191314aLas misiones diplomáticas de Guzmán Blanco :bensayo /cArmando Rojas. 4aCaracas :bMonte Ávila,c1974. a219 páginas :bilustraciones ;c20 cm. atextobtxt2rdacontent asin mediaciónbn2rdamedia avolumenbnc2rdacarrier1 aPrisma aBibliografía (páginas 197-199) 4aVenezuelaxRelaciones Exterioresy1830-1899